[Event "DEN-ch rapid"]
[Site "Middelfart"]
[Date "2012.09.30"]
[Round "5"]
[White "Skovgaard, Peter Nicolai"]
[Black "Glud, Jakob Vang"]
[Result "0-1"]
[WhiteElo "2293"]
[BlackElo "2506"]
[PlyCount "56"]
[EventDate "2012.09.30"]
[EventType "swiss (rapid)"]
[EventRounds "7"]
[EventCountry "DEN"]
[SourceTitle "EXT 2018"]
[Source "ChessBase"]
[SourceDate "2017.10.13"]
[SourceVersion "1"]
[SourceVersionDate "2017.10.13"]
[SourceQuality "1"]

1. e4 e5 2. Nf3 Nc6 3. Bb5 a6 4. Ba4 Nf6 5. 0-0 Be7 6. Re1 b5 7. Bb3 d6 8. a4 Bd7 9. Nc3 Na5 10. Ba2 b4 11. Nd5 Nxd5 12. Bxd5 c6 13. Ba2 0-0 14. d4 exd4 15. Nxd4 c5 16. Nf5 Bxf5 17. exf5 c4 18. Qd5 Rc8 19. Be3 Bf6 20. Rad1 Bxb2 21. Qxd6 Qxd6 22. Rxd6 b3 23. cxb3 cxb3 24. Bxb3 Nxb3 25. Rb1 Rfe8 26. Rdd1 Rc2 27. Rd3 Na5 28. Rd5 Nc4 0-1

[Event "Copenhagen Challenge"]
[Site "Ballerup"]
[Date "2010.??.??"]
[Round "6"]
[White "Skovgaard, Peter Nicolai"]
[Black "Bejtovic, Jasmin"]
[Result "1/2-1/2"]
[WhiteElo "2307"]
[BlackElo "2384"]
[PlyCount "31"]
[EventDate "2010.04.28"]
[EventType "swiss"]
[EventRounds "9"]
[EventCountry "DEN"]
[SourceTitle "EXT 2018"]
[Source "ChessBase"]
[SourceDate "2017.10.13"]
[SourceVersion "1"]
[SourceVersionDate "2017.10.13"]
[SourceQuality "1"]

1. e4 c5 2. Nf3 Nc6 3. d4 cxd4 4. Nxd4 g6 5. c4 Nf6 6. Nc3 d6 7. Nc2 Bg7 8. Be2 0-0 9. 0-0 a6 10. Bg5 Re8 11. Qd2 Be6 12. f3 Rc8 13. Rac1 Ne5 14. b3 Qa5 15. Nd4 Nc6 16. Nxe6 1/2-1/2

[Event "Copenhagen Challenge"]
[Site "Ballerup"]
[Date "2010.??.??"]
[Round "4"]
[White "Skovgaard, Peter Nicolai"]
[Black "Poulsen, Iver"]
[Result "1-0"]
[WhiteElo "2307"]
[BlackElo "2140"]
[PlyCount "83"]
[EventDate "2010.04.28"]
[EventType "swiss"]
[EventRounds "9"]
[EventCountry "DEN"]
[SourceTitle "EXT 2018"]
[Source "ChessBase"]
[SourceDate "2017.10.13"]
[SourceVersion "1"]
[SourceVersionDate "2017.10.13"]
[SourceQuality "1"]

1. e4 c5 2. Nf3 Nc6 3. Nc3 e6 4. d4 cxd4 5. Nxd4 Qc7 6. Ndb5 Qb8 7. Be3 a6 8. Bb6 axb5 9. Nxb5 Bb4+ 10. c3 Ba5 11. Nc7+ Qxc7 12. Bxc7 Bxc7 13. Qg4 g6 14. Qd1 Nge7 15. Bd3 h5 16. 0-0 h4 17. h3 g5 18. Qd2 Bf4 19. Qc2 Ng6 20. b4 Be5 21. Rfd1 Ra3 22. b5 Rxc3 23. Qd2 Nce7 24. Rac1 Rxc1 25. Qxc1 Nf4 26. a4 f6 27. a5 Kf7 28. Bf1 d5 29. exd5 Nexd5 30. a6 bxa6 31. bxa6 Nc3 32. Rd2 Nfd5 33. Rb2 Na4 34. Rb3 Nab6 35. Bc4 Nxc4 36. Qxc4 Bxa6 37. Qxa6 Re8 38. Qd3 f5 39. Qe2 Kf6 40. Qh5 Ra8 41. Qh6+ Kf7 42. Rb7+ 1-0

[Event "Copenhagen-ch"]
[Site "Copenhagen"]
[Date "2007.??.??"]
[Round "5"]
[White "Akdag, Dara Sevkan"]
[Black "Skovgaard, Peter Nicolai"]
[Result "0-1"]
[WhiteElo "2042"]
[BlackElo "2253"]
[PlyCount "76"]
[EventDate "2007.10.13"]
[EventType "swiss"]
[EventRounds "9"]
[EventCountry "DEN"]
[SourceTitle "EXT 2018"]
[Source "ChessBase"]
[SourceDate "2017.10.13"]
[SourceVersion "1"]
[SourceVersionDate "2017.10.13"]
[SourceQuality "1"]

1. e4 c5 2. Nf3 e6 3. d4 cxd4 4. Nxd4 a6 5. Nc3 Qc7 6. Be2 Nf6 7. 0-0 Nc6 8. Kh1 Bb4 9. Qd3 d6 10. f4 Bd7 11. Be3 Rc8 12. Bf3 Nxd4 13. Qxd4 Bxc3 14. bxc3 Qxc3 15. e5 dxe5 16. fxe5 Nd5 17. Bxd5 Qxd4 18. Bxd4 exd5 19. c3 Rc4 20. Rab1 b5 21. Rb4 Ke7 22. Rxc4 dxc4 23. Bc5+ Ke6 24. Rd1 Bc8 25. Kg1 Kxe5 26. Bd4+ Ke4 27. Bxg7 Rg8 28. Bd4 Bh3 29. Rd2 b4 30. Re2+ Kd5 31. Bf6 Bxg2 32. Rxg2 Rxg2+ 33. Kxg2 b3 34. axb3 cxb3 35. c4+ Kxc4 36. Kf3 Kd3 37. h4 a5 38. Kf4 a4 0-1

[Event "Copenhagen Challenge"]
[Site "Ballerup"]
[Date "2007.??.??"]
[Round "8"]
[White "Smith, Axel"]
[Black "Skovgaard, Peter Nicolai"]
[Result "0-1"]
[WhiteElo "2251"]
[BlackElo "2243"]
[PlyCount "92"]
[EventDate "2007.05.02"]
[EventType "swiss"]
[EventRounds "9"]
[EventCountry "DEN"]
[SourceTitle "EXT 2018"]
[Source "ChessBase"]
[SourceDate "2017.10.13"]
[SourceVersion "1"]
[SourceVersionDate "2017.10.13"]
[SourceQuality "1"]

1. e4 c5 2. Nf3 d6 3. d4 cxd4 4. Nxd4 Nf6 5. Nc3 a6 6. Be3 e5 7. Nb3 Be6 8. f3 h5 9. Nd5 Bxd5 10. exd5 Nbd7 11. Be2 Qc7 12. c4 g6 13. Qd2 Bg7 14. 0-0 0-0 15. Rac1 b6 16. Rfd1 Nh7 17. Na1 a5 18. Nc2 f5 19. Bh6 f4 20. Bxg7 Kxg7 21. Bd3 Ng5 22. Re1 h4 23. h3 Nc5 24. Kh2 Qd7 25. Rcd1 Rae8 26. Rf1 Qd8 27. Rde1 Nh7 28. b3 Qg5 29. Kh1 Kg8 30. Na3 Nf6 31. Qc2 Nh5 32. Kg1 Ng3 33. Bxg6 Re7 34. Rf2 Rg7 35. Bd3 Nxd3 36. Qxd3 Nf5 37. Nc2 Qg3 38. Kf1 Qh2 39. Ke2 Rxg2 40. Ref1 Ng3+ 41. Kd1 Nxf1 42. Ne1 Ne3+ 43. Kc1 Rf6 44. Rxg2+ Nxg2 45. Qc2 Qxh3 46. Nxg2 Qxf3 0-1

[Event "Valby CorpSoft Nordic"]
[Site "Valby"]
[Date "2006.04.25"]
[Round "4"]
[White "Skovgaard, Peter Nicolai"]
[Black "Jakobsen, Ole"]
[Result "1/2-1/2"]
[WhiteElo "2165"]
[BlackElo "2401"]
[PlyCount "165"]
[EventDate "2006.04.22"]
[EventType "tourn"]
[EventRounds "9"]
[EventCountry "DEN"]
[SourceTitle "EXT 2018"]
[Source "ChessBase"]
[SourceDate "2017.10.13"]
[SourceVersion "1"]
[SourceVersionDate "2017.10.13"]
[SourceQuality "1"]

1. e4 c5 2. Nf3 e6 3. c3 d5 4. exd5 exd5 5. d4 Nc6 6. Be3 c4 7. b3 cxb3 8. axb3 Nf6 9. Bd3 Bg4 10. Nbd2 Be7 11. 0-0 Qc7 12. b4 0-0 13. b5 Na5 14. Qa4 b6 15. Rac1 Bd6 16. Ne5 Bxe5 17. dxe5 Qxe5 18. Bf4 Qh5 19. f3 Bd7 20. g4 Qh4 21. Bg3 Qh6 22. Bf4 g5 23. Be5 Be6 24. c4 Nxc4 25. Nxc4 dxc4 26. Bxc4 Nd7 27. Bb2 Nc5 28. Qb4 Bxc4 29. Qxc4 Qe6 30. Qc3 f6 31. Rfe1 Qf7 32. Ba3 Rac8 33. Bxc5 Rxc5 34. Qd3 Qd5 35. Qxd5+ Rxd5 36. Re7 Rf7 37. Rc8+ Kg7 38. Ree8 Rxb5 39. Rg8+ Kh6 40. Kg2 Rc5 41. Rcd8 Rcc7 42. Kg3 Rg7 43. Rgf8 Rcf7 44. Rh8 Kg6 45. h4 gxh4+ 46. Kxh4 Rd7 47. Rde8 Rde7 48. Ref8 Ref7 49. Re8 Re7 50. Ref8 Re1 51. f4 Rh1+ 52. Kg3 b5 53. Rb8 f5 54. g5 Rb1 55. Rbf8 Kh5 56. Rxf5 Rb3+ 57. Kf2 Kg4 58. Rhf8 Rc7 59. Re5 Rc2+ 60. Re2 Rf3+ 61. Ke1 Rxe2+ 62. Kxe2 Rxf4 63. Rg8 a5 64. Kd2 Kf5 65. Rg7 Rg4 66. Rxh7 Rxg5 67. Kc3 Ke6 68. Ra7 b4+ 69. Kc4 Kd6 70. Ra6+ Kc7 71. Rh6 Rg3 72. Ra6 Ra3 73. Kc5 Kb7 74. Rb6+ Ka7 75. Rh6 b3 76. Rh7+ Kb8 77. Kc6 a4 78. Rh8+ Ka7 79. Rh7+ Ka6 80. Rh8 Ka5 81. Kc5 Ka6 82. Kc6 Ka7 83. Rh7+ 1/2-1/2

[Event "DEN-ch cand"]
[Site "Aalborg"]
[Date "2006.04.15"]
[Round "5"]
[White "Skovgaard, Peter Nicolai"]
[Black "Hoiberg, Nina"]
[Result "1/2-1/2"]
[WhiteElo "2145"]
[BlackElo "2266"]
[PlyCount "133"]
[EventDate "2006.04.11"]
[EventType "swiss"]
[EventRounds "7"]
[EventCountry "DEN"]
[SourceTitle "EXT 2018"]
[Source "ChessBase"]
[SourceDate "2017.10.13"]
[SourceVersion "1"]
[SourceVersionDate "2017.10.13"]
[SourceQuality "1"]

1. e4 e5 2. Nf3 Nc6 3. Bc4 Nf6 4. d3 Be7 5. 0-0 0-0 6. Re1 d6 7. a4 h6 8. a5 Be6 9. Nbd2 Nh7 10. a6 b6 11. c3 Ng5 12. Bd5 Bxd5 13. exd5 Nb8 14. Ne4 Nxf3+ 15. Qxf3 f5 16. Ng3 Bg5 17. b4 Bxc1 18. Rexc1 Qg5 19. Rc2 Nd7 20. c4 h5 21. Qe3 Qh4 22. f4 g5 23. fxe5 Nxe5 24. d4 Qxh2+ 25. Kxh2 Ng4+ 26. Kg1 Nxe3 27. Rc3 Rae8 28. Nxh5 f4 29. Re1 Ng4 30. Re6 Kf7 31. g3 Rxe6 32. dxe6+ Kg6 33. gxf4 Kxh5 34. fxg5 Kxg5 35. d5 Kf4 36. c5 Ne3 37. cxd6 Rg8+ 38. Kh1 cxd6 39. Rc7 Kg3 40. Kg1 Kf3+ 41. Kh1 Nxd5 42. Rxa7 Nf4 43. Rf7 Kg3 44. Kg1 Nxe6 45. a7 Rc8 46. Kf1 Nf4 47. Ke1 Kf3 48. Kd2 Ke4 49. Rb7 Ra8 50. Rxb6 Ke5 51. Rb7 Ne6 52. b5 Nc5 53. Rc7 Na4 54. Kc2 d5 55. Kb3 Kd6 56. Rc6+ Ke5 57. Kxa4 Rxa7+ 58. Ra6 Rb7 59. b6 d4 60. Kb5 Ke4 61. Kc6 Rb8 62. Kc7 Rh8 63. b7 Rh7+ 64. Kb6 Rxb7+ 65. Kxb7 d3 66. Kc6 d2 67. Ra1 1/2-1/2

[Event "Copenhagen Chess Challenge"]
[Site "Taastrup"]
[Date "2005.??.??"]
[Round "9"]
[White "Mikkelsen, Nikolaj"]
[Black "Skovgaard, Peter Nicolai"]
[Result "1-0"]
[WhiteElo "2220"]
[BlackElo "2174"]
[PlyCount "55"]
[EventDate "2005.04.20"]
[EventType "swiss"]
[EventRounds "9"]
[EventCountry "DEN"]
[SourceTitle "EXT 2018"]
[Source "ChessBase"]
[SourceDate "2017.10.13"]
[SourceVersion "1"]
[SourceVersionDate "2017.10.13"]
[SourceQuality "1"]

1. e4 c5 2. Nf3 d6 3. d4 cxd4 4. Nxd4 Nf6 5. Nc3 g6 6. Be3 Bg7 7. f3 a6 8. Qd2 Nbd7 9. 0-0-0 b5 10. Nc6 Qc7 11. Nb4 Bb7 12. Bd4 0-0 13. h4 Nb6 14. g4 Nc4 15. Qe1 Rfc8 16. g5 Qa5 17. Bxc4 bxc4 18. gxf6 Bh6+ 19. Kb1 Qxb4 20. fxe7 Rcb8 21. a3 Qa5 22. Nd5 Qxe1 23. Nf6+ Kh8 24. e8Q+ Rxe8 25. Nxe8+ f6 26. Rhxe1 Rxe8 27. Bxf6+ Kg8 28. Rxd6 1-0

[Event "Copenhagen Chess Challenge"]
[Site "Taastrup"]
[Date "2005.??.??"]
[Round "4"]
[White "Nilsson, Sebastian"]
[Black "Skovgaard, Peter Nicolai"]
[Result "1/2-1/2"]
[WhiteElo "2224"]
[BlackElo "2174"]
[PlyCount "36"]
[EventDate "2005.04.20"]
[EventType "swiss"]
[EventRounds "9"]
[EventCountry "DEN"]
[SourceTitle "EXT 2018"]
[Source "ChessBase"]
[SourceDate "2017.10.13"]
[SourceVersion "1"]
[SourceVersionDate "2017.10.13"]
[SourceQuality "1"]

1. e4 c5 2. Nf3 e6 3. d4 cxd4 4. Nxd4 a6 5. Bd3 Bc5 6. Nb3 Be7 7. Qg4 g6 8. Qe2 d6 9. 0-0 Nd7 10. Nc3 b6 11. Bd2 Bb7 12. Rae1 Qc7 13. a4 Bf6 14. f4 Ne7 15. e5 dxe5 16. Ne4 Bxe4 17. Bxe4 Ra7 18. Bd3 Nd5 1/2-1/2

[Event "Copenhagen Chess Challenge"]
[Site "Taastrup"]
[Date "2005.??.??"]
[Round "7"]
[White "Skovgaard, Peter Nicolai"]
[Black "Smith, Axel"]
[Result "1-0"]
[WhiteElo "2174"]
[BlackElo "2139"]
[PlyCount "169"]
[EventDate "2005.04.20"]
[EventType "swiss"]
[EventRounds "9"]
[EventCountry "DEN"]
[SourceTitle "EXT 2018"]
[Source "ChessBase"]
[SourceDate "2017.10.13"]
[SourceVersion "1"]
[SourceVersionDate "2017.10.13"]
[SourceQuality "1"]

1. d4 Nf6 2. Nf3 e6 3. g3 c5 4. Bg2 Nc6 5. 0-0 d5 6. c3 Be7 7. e3 0-0 8. Nbd2 a6 9. b3 cxd4 10. exd4 b5 11. c4 Bb7 12. c5 b4 13. Re1 a5 14. Bb2 Qc7 15. Rc1 Ra7 16. Bf1 Ba6 17. Bxa6 Rxa6 18. Qe2 Ra7 19. h4 a4 20. Qd3 Qb7 21. Ng5 Qa6 22. Qe3 Ng4 23. Qf4 Nf6 24. Ngf3 Qb5 25. Ne5 Nxe5 26. Qxe5 axb3 27. axb3 Ra2 28. Rc2 Qd3 29. Rec1 Rc8 30. Qe1 Ng4 31. Kg2 Nh6 32. Qf1 Qxf1+ 33. Kxf1 Nf5 34. Ke2 Kf8 35. Kd3 Ke8 36. Nf3 Bf6 37. Rh1 h5 38. Rb1 Ne7 39. Bc1 Rxc2 40. Kxc2 Nc6 41. Kd3 Ra8 42. Bg5 Bxg5 43. hxg5 Ra2 44. Nd2 g6 45. f3 Na5 46. f4 Nc6 47. Nf1 Kd7 48. Ne3 Rf2 49. Nf1 Kc7 50. Ra1 Kb7 51. Ke3 Rc2 52. Rd1 Ne7 53. Rd3 Nf5+ 54. Kf3 Ka6 55. Nd2 Rc3 56. Ke2 Nxg3+ 57. Ke3 h4 58. Nf3 h3 59. Rxc3 bxc3 60. Kd3 Nf1 61. Kxc3 Kb5 62. Kd3 Ng3 63. Ke3 Nf1+ 64. Kf2 h2 65. Kg2 Ng3 66. Kxh2 Ne2 67. Kg2 Nxf4+ 68. Kf2 Ka5 69. Ke3 Nh3 70. Kd2 Nf2 71. Ke2 Nh3 72. Ke3 Kb5 73. b4 Ka6 74. c6 Kb6 75. b5 Kc7 76. Kd2 Nf2 77. Kc3 Ne4+ 78. Kb4 Kb8 79. Ne5 Nxg5 80. Nd7+ Kc7 81. Ka5 Ne4 82. Ne5 Nd6 83. b6+ Kc8 84. Ka6 g5 85. Nd7 1-0

[Event "Skovlunde Botvinnik EMT Gr1"]
[Site "Skovlunde"]
[Date "2004.11.18"]
[Round "6"]
[White "Skovgaard, Peter Nicolai"]
[Black "Hansen, Morten Moller"]
[Result "0-1"]
[WhiteElo "2116"]
[BlackElo "2048"]
[PlyCount "66"]
[EventDate "2004.09.06"]
[EventType "tourn"]
[EventRounds "7"]
[EventCountry "DEN"]
[SourceTitle "EXT 2018"]
[Source "ChessBase"]
[SourceDate "2017.10.13"]
[SourceVersion "1"]
[SourceVersionDate "2017.10.13"]
[SourceQuality "1"]

1. e4 c5 2. Nf3 d6 3. d4 cxd4 4. Nxd4 Nf6 5. Nc3 a6 6. Be3 e6 7. Be2 Be7 8. 0-0 Qc7 9. a4 Nc6 10. f4 b6 11. Nxc6 Qxc6 12. e5 dxe5 13. fxe5 Nd5 14. Nxd5 exd5 15. Bd4 Be6 16. c3 0-0 17. Bd3 g6 18. b4 Qc7 19. Qd2 Kg7 20. h4 Bxh4 21. Rf6 h6 22. Bxg6 Bxf6 23. exf6+ Kxg6 24. Rf1 Rg8 25. Qd3+ Kh5 26. Rf5+ Rg5 27. g4+ Kxg4 28. Qf3+ Kh4+ 29. Rxg5 Kxg5 30. Be3+ Kg6 31. Bf4 Qc4 32. Qg3+ Kf5 33. Kf2 Qxf4+ 0-1

[Event "Copenhagen-ch"]
[Site "Copenhagen"]
[Date "2004.10.16"]
[Round "8"]
[White "Lund, Silas"]
[Black "Skovgaard, Peter Nicolai"]
[Result "1/2-1/2"]
[WhiteElo "2307"]
[BlackElo "2137"]
[PlyCount "102"]
[EventDate "2004.10.09"]
[EventType "swiss"]
[EventRounds "9"]
[EventCountry "DEN"]
[SourceTitle "EXT 2018"]
[Source "ChessBase"]
[SourceDate "2017.10.13"]
[SourceVersion "1"]
[SourceVersionDate "2017.10.13"]
[SourceQuality "1"]

1. d4 Nf6 2. c4 c5 3. d5 e5 4. Nc3 d6 5. e4 Be7 6. Bd3 0-0 7. h3 Ne8 8. Nf3 g6 9. Bh6 Ng7 10. g4 Bd7 11. Qe2 Na6 12. a3 Rb8 13. 0-0-0 Nc7 14. Rdg1 Qc8 15. Nd2 b5 16. cxb5 c4 17. Nxc4 Nxb5 18. Nxb5 Bxb5 19. Kb1 Qa6 20. Rg3 Rfc8 21. Rc1 Ne8 22. Bd2 Nf6 23. Na5 Rxc1+ 24. Kxc1 Bxd3 25. Rxd3 Bd8 26. Re3 Rb5 27. Nc6 Bb6 28. Rc3 Bd4 29. Rc2 Nd7 30. Bb4 Bc5 31. Kb1 Qb7 32. Qf3 Qb6 33. Bxc5 Rxc5 34. Qe3 Kg7 35. Rxc5 Nxc5 36. g5 Qb5 37. Qf3 Qf1+ 38. Ka2 Qc4+ 39. Kb1 Nxe4 40. Qe3 Qxd5 41. Nxa7 Nd2+ 42. Kc2 Nc4 43. Qc3 Qe4+ 44. Kb3 Nb6 45. Ka2 Nd5 46. Qc6 Qd3 47. Nb5 Ne7 48. Qxd6 Qxb5 49. Qxe7 Qd5+ 50. Kb1 Qd1+ 51. Ka2 Qd5+ 1/2-1/2

[Event "Internet Section 10A g/8'+2\""]
[Site "Dos Hermanas"]
[Date "2004.03.10"]
[Round "5"]
[White "Moskow, Eric"]
[Black "Skovgaard, Peter Nicolai"]
[Result "0-1"]
[WhiteElo "2200"]
[BlackElo "2130"]
[PlyCount "28"]
[EventDate "2004.03.10"]
[EventType "swiss (blitz)"]
[EventRounds "9"]
[EventCountry "ESP"]
[SourceTitle "EXT 2005"]
[Source "ChessBase"]
[SourceDate "2004.11.15"]
[SourceVersion "1"]
[SourceVersionDate "2004.11.15"]
[SourceQuality "1"]

1. d4 Nf6 2. Nf3 g6 3. Nc3 Bg7 4. Bf4 0-0 5. Qd2 d6 6. 0-0-0 Nbd7 7. e4 c5 8. d5 a6 9. Be2 b5 10. h4 Nh5 11. Bh6 b4 12. Nb1 Qa5 13. g4 Qxa2 14. gxh5 Qxb2# 0-1

[Event "Internet Section 10A g/8'+2\""]
[Site "Dos Hermanas"]
[Date "2004.03.10"]
[Round "6"]
[White "Skovgaard, Peter Nicolai"]
[Black "Starostits, Andris"]
[Result "1-0"]
[WhiteElo "2130"]
[BlackElo "2277"]
[PlyCount "47"]
[EventDate "2004.03.10"]
[EventType "swiss (blitz)"]
[EventRounds "9"]
[EventCountry "ESP"]
[SourceTitle "EXT 2005"]
[Source "ChessBase"]
[SourceDate "2004.11.15"]
[SourceVersion "1"]
[SourceVersionDate "2004.11.15"]
[SourceQuality "1"]

1. e4 c6 2. d4 d5 3. Nc3 dxe4 4. Nxe4 Bf5 5. Ng3 Bg6 6. Nf3 Nd7 7. h4 h6 8. h5 Bh7 9. Bd3 Bxd3 10. Qxd3 e6 11. Bd2 Ngf6 12. 0-0-0 Be7 13. Qe2 0-0 14. Ne5 c5 15. Nxd7 Nxd7 16. Bc3 c4 17. Qxc4 Rc8 18. Qd3 Nf6 19. Ne4 Nd5 20. g4 b5 21. Qxb5 f5 22. gxf5 exf5 23. Ba5 Qd7 24. Qxd7 1-0

[Event "DEN-ch M7 "]
[Site "Koge"]
[Date "2004.??.??"]
[Round "6"]
[White "Christensen, Henrik"]
[Black "Skovgaard, Peter Nicolai"]
[Result "0-1"]
[WhiteElo "1969"]
[BlackElo "2015"]
[PlyCount "96"]
[EventDate "2004.04.06"]
[EventType "swiss"]
[EventRounds "7"]
[EventCountry "DEN"]
[SourceTitle "EXT 2018"]
[Source "ChessBase"]
[SourceDate "2017.10.13"]
[SourceVersion "1"]
[SourceVersionDate "2017.10.13"]
[SourceQuality "1"]

1. e4 c5 2. Nf3 e6 3. d4 cxd4 4. Nxd4 a6 5. Nc3 b5 6. Bd3 Qb6 7. Nf3 Qc7 8. 0-0 Bb7 9. Bg5 Nf6 10. a3 d6 11. Nd2 Nbd7 12. f4 Be7 13. Qe2 0-0 14. Rae1 e5 15. f5 Nc5 16. Nf3 Nxd3 17. cxd3 a5 18. Bxf6 Bxf6 19. g4 b4 20. axb4 axb4 21. Nd1 Be7 22. g5 f6 23. h4 Rfc8 24. Ne3 Qd7 25. Ng4 b3 26. Qg2 Rc2 27. Qg3 Kh8 28. g6 Rxb2 29. Rb1 Raa2 30. Rxb2 Rxb2 31. h5 h6 32. Ne3 Ba6 33. Ra1 Ra2 34. Rb1 b2 35. Qg2 Bxd3 36. Rxb2 Rxb2 37. Qxb2 Bxe4 38. Nd2 Bb7 39. Ndc4 Qc6 40. Qb6 Qxb6 41. Nxb6 Bd8 42. Nbd5 Ba5 43. Ne7 Bb6 44. Kf2 d5 45. Ke2 Bxe3 46. Kxe3 d4+ 47. Kf2 e4 48. Ke2 e3 0-1

[Event "Politiken Cup 25th"]
[Site "Copenhagen"]
[Date "2003.07.22"]
[Round "8"]
[White "Petersen, Peter Birk"]
[Black "Skovgaard, Peter Nicolai"]
[Result "1-0"]
[WhiteElo "2221"]
[BlackElo "2130"]
[PlyCount "87"]
[EventDate "2003.07.14"]
[EventType "swiss"]
[EventRounds "11"]
[EventCountry "DEN"]
[SourceTitle "CBM 095 Extra"]
[Source "ChessBase"]
[SourceDate "2003.09.04"]
[SourceVersion "1"]
[SourceVersionDate "2003.09.04"]
[SourceQuality "1"]

1. e4 c5 2. Nc3 a6 3. g3 b5 4. Bg2 Bb7 5. d3 e6 6. Nf3 Nf6 7. 0-0 g6 8. e5 Nd5 9. Ne4 f5 10. exf6 Nxf6 11. Bg5 Bxe4 12. dxe4 h6 13. Bc1 Nc6 14. Nh4 Rg8 15. f4 g5 16. fxg5 hxg5 17. e5 Nxe5 18. Nf3 Neg4 19. Nxg5 c4 20. Qe2 Qb6+ 21. Kh1 Rc8 22. Bf3 Nh6 23. Ne4 Nxe4 24. Bxe4 Qc5 25. Be3 Qe7 26. Bxh6 d5 27. Bxf8 Rxf8 28. Rxf8+ Kxf8 29. Qh5 Qf6 30. Qf3 Qxf3+ 31. Bxf3 Ke7 32. c3 Rf8 33. Kg2 Kd6 34. Re1 Re8 35. g4 e5 36. Kg3 e4 37. Be2 Kc5 38. Rf1 a5 39. g5 b4 40. h4 bxc3 41. bxc3 d4 42. Rf5+ Kb6 43. cxd4 Rd8 44. g6 1-0